000 01289nam a2200313 a 4500
999 _c188818
_d188818
003 BLK
005 20241230142832.0
008 180411b bul|||||r ||||||| ||bul||
010 _aKNG00197837000
040 _aBLK
041 _aBUL
_cBUL
080 _aПедагогическа психология
_b37.015.3
_z37.015.3
100 1 _aЦолов, Валентин В.
_eпърви автор
_9326209
139 _aЦолов, Валентин В.
_bЦ 76
245 1 0 _aПсихологията в помощ на учителите
_bИзследване
_cВалентин В. Цолов
257 _aBGR
260 _aСофия
_bНар. просв.
_c1981
_fВ. Търново : Д. Найденов
300 _a280 с.
_c21 см
380 _a3
500 _aСъдържа и Речник на термините
504 _aБиблиогр. с. 272-273.
650 4 _aПедагогическо образование - психологични проблеми
_9165991
653 _aпедагогическа психология
852 _aЦб 107268
_bЦб
856 4 _qpdf
_i0.00
_ldisable
942 _cKNG
_n0
_010
_s1
944 _aCR
_c12.12.2016
_k30558
_lВаля Йорданова
944 _aED
_c12.12.2016
_kВаля_Йорданова